00785nam a22002057a 450000500170000001000180001702000390003502000410007403500170011503700130013208200080014510000220015324500540017526000420022927000400027130000460031150000620035750000950041950500650051420181218161539.0 aENG-123376-77 c499.00 a9789352830022 (vol. 1) c375.00 a9789352830039 (vol. 2) aEN-106908-09 bDBAD/PUB a570 aDixit, Amit Kumar00aObjective biology for NEET /cby Amit Kumar Dixit aNew DelhibS. Chand and Companyc2017 a7361, Ram Nagar,bNew Delhie110055 a2 vols. (various paging)c27cm(pbk)bill. aIt includes Vol. 1 & 2, NEET 2017 Question and Answers  aदि्वभाषी (अंग्रेजी एवं हिन्दी में) avol. 1 - Diversity in the living world vol. 2 - Reproduction